| 000 | 00416nam a22001577a 4500 | ||
|---|---|---|---|
| 003 | OSt | ||
| 005 | 20260502125820.0 | ||
| 008 | 260502b |||||||| |||| 00| 0 eng d | ||
| 020 | _a9780534273590 | ||
| 040 | _cIRDP | ||
| 082 | _a306.81 HAM | ||
| 100 |
_4AUTHOR _aHAMMOND, RON.J |
||
| 245 | _aTHE MARRIAGES AND FAMILIES ACTIVITIES WORKBOOK | ||
| 260 |
_aUSA; _bWADSWORTH CANGAGE LEARNING, _c2003. |
||
| 942 |
_2ddc _cBOOKS |
||
| 999 |
_c9513 _d9513 |
||